000 01031nam a2200277 i 4500
001 000013732
003 DO-SdBNP
005 20260213124719.0
007 ta
008 260213s2003 dr 000 0 spa d
040 _aDO-SdBNP
_bspa
_cBNPHU
_erda
041 _aspa
082 _axxx
_bS669r
_222
100 1 _aSánchez Fung, José R
_eautor
_96436
245 1 0 _aReglas monetarias, metas de inflación y sus aplicaciones potenciales en el diseño e implementación de la política monetaria en la República Dominicana /
_cJose R. Sánchez Fung
264 1 _aSanto Domingo :
_bBanco Central de la República Dominicana,
_c2003
300 _a52 páginas
_c21 cm.
336 _2rdacontent
_atexto
_btxt
337 _2rdamedia
_asin mediación
_bn
338 _2rdacarrier
_avolumen
_bnc
490 _aBanco Central de la República Dominicana. Departamento de Programación Monetaria e Investigación Económica. Documento de Trabajo ;
590 _aInventariado,2026/DG
650 _9801
910 _aDG
942 _2ddc
_cLBS1
999 _c60315
_d60315